000 01446nam0a22003131 4500
001 rc\2146295
005 20250623013610.0
035 _a(NLR Aleph) 006512755
090 _a6347675
_c6347675
100 _a20110829d1979 |||y0rusy50 ca
101 0 _arus
102 _aRU
105 _ay z |||||
200 1 _aMoscow awaits the Olympics
_dМосква ждет Олимпиаду
_eКн. для чтения с коммент. на англ. яз.
_e[Для изучающих рус. яз.
_fАвт.-сост. В. Линдер, С. Тюлюбаев, В. Горбов]
210 _aМосква
_cРус. яз.
_d1979
215 _a153, [6] с.
_d20
300 _aАвт.-сост. указаны на обороте тит. л.
510 0 _aМосква ждет Олимпиаду
_zrus
517 0 _aМосква ждет Олимпиаду
606 _aРусский язык
_jХрестоматии для нерусских
_2psbo
606 _aОлимпийские игры летние
_z1980
_yМосква
_jХрестоматии для нерусских
_xПодготовка
_2psbo
700 1 _aЛиндер
_bВ.И.
_gВладимир Исаакович
701 1 _aТюлюбаев
_bС.В.
_gСергей Владимирович
701 1 _aГорбов
_bВ.М.
_gВалерий Михайлович
801 0 _aRU
_bNLR
_gpsbo
801 1 _aRU
_bELAR
_2rusmarc
852 _aNLR
_j80-3/1877
942 _cBOOK
980 _aNB